000 01251nab a2200205 i 4500
001 768714001
003 CO-MdFUSB
005 20240826110316.0
008 220913s1999 ck ||||| |||| 00| 0 spa d
022 _a01200828
040 _bspa
_cCO-MdFUSB
_dCO-MdFUSB
041 _aspa
100 _aVertel Manco, Amparo Isabel,
_eautor
245 3 _aLa cultura Zenú
_c/ Amparo Isabel Vertel Manco
520 _aLa cultura Zenú -- Reseña histórica -- Historia del gran Zenú -- Provincia del zenufaná -- Desarrollo cultural de los zenúes -- Vías de comunicación -- Creencias de los zenúes -- Creencias de origen -- Origen del río Sínú -- El caimán de oro -- Las Encantas -- Los Chimpines -- El mal de ojo -- Los Santos -- Creencias en la vida después de la muerte -- Código ético – Ritos -- El pozo de parle y las mandas -- Ritos de propiciación -- Época actual -- Historia del resguardo -- Organización político-administrativa – Demografía – Educación -- Recreación cultura y deportes
650 7 _96714
_aAntropología cultural y social
773 0 _049438
_981268
_dCentro Antropológico Colombiano
_oR1692
_tEthnia
_w(CO-MdFUSB)768714001
_gVolumen 82, (mayo, 1999), páginas: 3 - 79
_qpágina: 3
942 _cANA
945 _aAF
999 _c68144
_d68144